000 00592nam a2200193Ii 4500
003 JO-AjNU
008 230605s9999||||xx |||||||||||||| ||und||
040 _aJO-AjNU
_bara
_erda
_cJO-AjNU
041 _aara
050 1 4 _a PE1128 2004
100 3 _aد.م,
_eauthor
_916456
245 0 0 _aالإنجليزية بدون معلم
250 _aط1
264 3 1 _aعمان: دار المسيرة، 2004
336 _atext
_btxt
_2rdacontent
337 _aunmediated
_bn
_2rdamedia
338 _avolume
_bnc
_2rdacarrier
650 4 _aاللغة الإنجليزية - تعلم وتعليم 
_916457
999 _aA4881
_c8449
_d8449